Shock waves in chemistry /

Bibliographic Details
Other Authors: Lifshitz, Assa, 1933-
Format: Book
Language:English
Published: New York, N.Y. : M. Dekker, [1981]
Subjects:

MARC

Tag First Indicator Second Indicator Subfields
LEADER 00000cam a22000008a 4500
001 in00000072575
005 20151008053446.0
008 810615s1981 nyua b 00100 eng
010 |a  81005375  
020 |a 0824713311 
035 |a (OCoLC)07572626 
035 |9 AAH7490AM 
039 0 |a 2  |b 3  |c 3  |d 3  |e 3 
040 |a DLC  |c DLC  |d TXA  |d UtOrBLW 
049 |a TXAM  |c [1672026] 
050 0 0 |a QD504  |b .S48 
082 0 |a 541.3/69  |2 19 
245 0 0 |a Shock waves in chemistry /  |c edited by Assa Lifshitz. 
263 |a 8108 
264 1 |a New York, N.Y. :  |b M. Dekker,  |c [1981] 
264 4 |c ©1981 
300 |a ix, 390 pages :  |b illustrations ;  |c 24 cm. 
336 |a text  |b txt  |2 rdacontent 
337 |a unmediated  |b n  |2 rdamedia 
338 |a volume  |b nc  |2 rdacarrier 
504 |a Includes bibliographical references and indexes. 
650 0 |a Thermodynamics. 
650 0 |a Shock waves. 
700 1 |a Lifshitz, Assa,  |d 1933- 
999 |a MARS 
999 f f |s 123b3f8c-776a-3830-a009-98b78c511061  |i 9295959d-ca8c-34bc-b024-8167bb6551f8  |t 0 
952 f f |p ric  |a Texas A&M University  |b Rellis Campus  |c Joint Library Facility  |s JLF  |d Remote Storage  |t 0  |e QD504 .S48  |h Library of Congress classification  |i unmediated -- volume  |m A14806212660 
998 f f |a QD504 .S48  |t 0  |l Remote Storage